[Event "Belgrade Trophy 36th"]
[Site "Belgrade"]
[Date "2023.12.02"]
[Round "8"]
[White "Kijanovic, Igor"]
[Black "Jevtic, Miroljub L"]
[Result "1-0"]
[WhiteElo "2163"]
[BlackElo "1863"]
[PlyCount "115"]
[EventDate "2023.11.25"]
[EventType "swiss"]
[EventRounds "9"]
[EventCountry "SRB"]
[SourceTitle "CBM 217 Extra"]
[Source "ChessBase"]
[SourceDate "2024.01.31"]
[SourceVersion "1"]
[SourceVersionDate "2024.01.31"]
[SourceQuality "1"]

1. d4 Nf6 2. c4 e6 3. Nf3 b6 4. g3 Bb7 5. Bg2 c5 6. d5 exd5 7. Nh4 Be7 8. Nc3 0-0 9. Nf5 d6 10. Bg5 Nbd7 11. Nxd5 Bxd5 12. Nxe7+ Qxe7 13. Bxd5 Rad8 14. 0-0 h6 15. Bxf6 Nxf6 16. Bf3 Qe5 17. Qa4 a5 18. Qb3 Rb8 19. Rad1 Rfd8 20. Rd2 Ne4 21. Rd5 Qe6 22. Rfd1 Ng5 23. a4 Nxf3+ 24. Qxf3 Re8 25. e3 Rbd8 26. R1d3 Qe4 27. Qxe4 Rxe4 28. Rc3 Kf8 29. f3 Re6 30. Rb3 Rb8 31. Kf2 Ke7 32. e4 g6 33. Re3 Re5 34. Rb3 Rxd5 35. cxd5 Kd7 36. Ke3 Kc7 37. Kd3 Kb7 38. Kc4 Ka6 39. f4 f6 40. e5 dxe5 41. fxe5 fxe5 42. d6 Kb7 43. Kd5 Rf8 44. Kxe5 Kc6 45. Ke6 Rd8 46. d7 Kc7 47. Rd3 Rh8 48. d8Q+ Rxd8 49. Rxd8 Kxd8 50. Kd6 b5 51. Kxc5 bxa4 52. Kb5 a3 53. bxa3 Kc7 54. Kxa5 Kc6 55. Kb4 h5 56. Kc4 h4 57. g4 h3 58. g5 1-0

[Event "Belgrade Trophy 36th"]
[Site "Belgrade"]
[Date "2023.11.29"]
[Round "5"]
[White "Bayasgalan, Khishigbaatar"]
[Black "Kijanovic, Igor"]
[Result "0-1"]
[WhiteElo "1985"]
[BlackElo "2163"]
[PlyCount "102"]
[EventDate "2023.11.25"]
[EventType "swiss"]
[EventRounds "9"]
[EventCountry "SRB"]
[SourceTitle "CBM 217 Extra"]
[Source "ChessBase"]
[SourceDate "2024.01.31"]
[SourceVersion "1"]
[SourceVersionDate "2024.01.31"]
[SourceQuality "1"]

1. d4 Nf6 2. c4 e6 3. g3 Bb4+ 4. Bd2 Qe7 5. Bg2 Nc6 6. Nf3 Bxd2+ 7. Nbxd2 d6 8. 0-0 0-0 9. e4 e5 10. d5 Nb8 11. Nh4 g6 12. h3 a5 13. b3 Na6 14. Qe2 Bd7 15. a3 Rfb8 16. Rfc1 b5 17. cxb5 Bxb5 18. Qe3 Nc5 19. Rc3 Rb7 20. Qg5 Nxd5 21. Qxe7 Nxe7 22. f4 f6 23. Rac1 Nc6 24. Nhf3 Be2 25. g4 Bxf3 26. Nxf3 Rab8 27. Bf1 Kg7 28. fxe5 fxe5 29. Bc4 Nxe4 30. R3c2 Nc5 31. Bd5 Rb6 32. Bxc6 Rxc6 33. Nxe5 dxe5 34. Rxc5 Rxc5 35. Rxc5 Rxb3 36. Rxa5 Rxh3 37. Kg2 Re3 38. g5 Kf7 39. Kf2 Rc3 40. Rxe5 Rxa3 41. Rc5 Ra7 42. Rc6 Ke7 43. Ke3 Kd7 44. Rf6 Ra5 45. Kf4 Rf5+ 46. Rxf5 gxf5 47. Kxf5 Ke7 48. Ke5 Kf7 49. Kf5 Kg7 50. Kg4 Kg6 51. Kf4 c5 0-1

[Event "Belgrade Trophy 36th"]
[Site "Belgrade"]
[Date "2023.11.27"]
[Round "3"]
[White "Milicevic, Aleksa"]
[Black "Kijanovic, Igor"]
[Result "1/2-1/2"]
[WhiteElo "2029"]
[BlackElo "2163"]
[PlyCount "87"]
[EventDate "2023.11.25"]
[EventType "swiss"]
[EventRounds "9"]
[EventCountry "SRB"]
[SourceTitle "CBM 217 Extra"]
[Source "ChessBase"]
[SourceDate "2024.01.31"]
[SourceVersion "1"]
[SourceVersionDate "2024.01.31"]
[SourceQuality "1"]

1. d4 Nf6 2. Nf3 e6 3. c4 Bb4+ 4. Nbd2 0-0 5. a3 Bxd2+ 6. Bxd2 d5 7. Qc2 Nbd7 8. Bf4 c6 9. h3 b6 10. cxd5 cxd5 11. e3 Bb7 12. Bd3 Rc8 13. Qe2 Qe7 14. 0-0 Ne4 15. Rac1 f6 16. Ba6 Nb8 17. Bd3 Nd6 18. Bh2 Qd7 19. Rfd1 Rc6 20. Rc2 Rfc8 21. Rdc1 Rxc2 22. Rxc2 Nc6 23. Bg3 Ne4 24. Bf4 Ne7 25. Qd1 Rxc2 26. Qxc2 Qc6 27. Qxc6 Nxc6 28. Kf1 Kf7 29. Ke2 h6 30. Bh2 g5 31. Ne1 Ke7 32. f3 Nd6 33. Kd2 e5 34. Kc3 Ke6 35. Nc2 Na5 36. b4 Nac4 37. a4 a6 38. e4 b5 39. dxe5 fxe5 40. exd5+ Bxd5 41. a5 Nf5 42. Bg1 Ncd6 43. Ne3 Nxe3 44. Bxe3 1/2-1/2

[Event "SRB-chT 2nd League West"]
[Site "Kragujevac"]
[Date "2019.10.04"]
[Round "7.3"]
[White "Kijanovic, Igor"]
[Black "Begus, Drasko"]
[Result "0-1"]
[WhiteElo "2125"]
[BlackElo "2300"]
[PlyCount "70"]
[EventDate "2019.09.06"]
[EventType "team-tourn"]
[EventRounds "11"]
[EventCountry "SRB"]
[SourceTitle "EXT 2020"]
[Source "ChessBase"]
[SourceDate "2019.10.17"]
[SourceVersion "1"]
[SourceVersionDate "2019.10.17"]
[SourceQuality "1"]
[WhiteTeam "Prijepolje Priko"]
[BlackTeam "Krupanj"]
[WhiteTeamCountry "SRB"]
[BlackTeamCountry "SRB"]

1. d4 Nf6 2. c4 d6 3. Nf3 g6 4. Nc3 Bf5 5. Bg5 Bg7 6. e3 0-0 7. Bd3 Bxd3 8. Qxd3 Nbd7 9. 0-0 c6 10. b4 Re8 11. Rfd1 Qc7 12. Rac1 a5 13. b5 a4 14. Bxf6 Bxf6 15. Ne4 Bg7 16. Qb1 c5 17. Nc3 Qa5 18. Qe4 Rab8 19. Nd5 e6 20. Nf4 cxd4 21. exd4 Bh6 22. Rc2 Nf6 23. Qe3 Ng4 24. Qa3 Bxf4 25. g3 Bh6 26. Qxd6 Rbd8 27. Qa3 e5 28. h3 Nf6 29. Re2 exd4 30. Rxe8+ Nxe8 31. Qe7 Qc7 32. Qxc7 Nxc7 33. Rxd4 Rxd4 34. Nxd4 Bg7 35. b6 Na8 0-1

[Event "SRB-chT 2nd League West"]
[Site "Kragujevac"]
[Date "2019.10.03"]
[Round "6.3"]
[White "Stankovic, Dragan B"]
[Black "Kijanovic, Igor"]
[Result "1-0"]
[WhiteElo "2228"]
[BlackElo "2125"]
[PlyCount "71"]
[EventDate "2019.09.06"]
[EventType "team-tourn"]
[EventRounds "11"]
[EventCountry "SRB"]
[SourceTitle "EXT 2020"]
[Source "ChessBase"]
[SourceDate "2019.10.17"]
[SourceVersion "1"]
[SourceVersionDate "2019.10.17"]
[SourceQuality "1"]
[WhiteTeam "Smederevo"]
[BlackTeam "Prijepolje Priko"]
[WhiteTeamCountry "SRB"]
[BlackTeamCountry "SRB"]

1. d4 Nf6 2. c4 e6 3. Nf3 b6 4. Nc3 Bb7 5. Bg5 h6 6. Bh4 Bb4 7. Qc2 g5 8. Bg3 Ne4 9. e3 Bxc3+ 10. bxc3 d6 11. Bd3 f5 12. d5 exd5 13. cxd5 Bxd5 14. Nd4 Qf6 15. f3 Nxg3 16. hxg3 f4 17. exf4 gxf4 18. 0-0-0 Kd8 19. Rh5 c6 20. Rf5 Qe7 21. Rxf4 Rf8 22. Nf5 Qe5 23. Be4 Nd7 24. Bxd5 cxd5 25. Nd4 Qe3+ 26. Kb2 Rxf4 27. gxf4 Rc8 28. Rd3 Qe7 29. Qd2 Nc5 30. Re3 Qf6 31. Qc2 Qxf4 32. Qe2 Qf7 33. Ne6+ Kd7 34. Qb5+ Rc6 35. Qxc6+ Kxc6 36. Nd8+ 1-0

[Event "SRB-chT 2nd League West"]
[Site "Kragujevac"]
[Date "2019.09.06"]
[Round "1.3"]
[White "Kijanovic, Igor"]
[Black "Knezevic, Veljko"]
[Result "0-1"]
[WhiteElo "2125"]
[BlackElo "2088"]
[PlyCount "61"]
[EventDate "2019.09.06"]
[EventType "team-tourn"]
[EventRounds "11"]
[EventCountry "SRB"]
[SourceTitle "EXT 2020"]
[Source "ChessBase"]
[SourceDate "2019.10.17"]
[SourceVersion "1"]
[SourceVersionDate "2019.10.17"]
[SourceQuality "1"]
[WhiteTeam "Prijepolje Priko"]
[BlackTeam "Uzice Sloboda"]
[WhiteTeamCountry "SRB"]
[BlackTeamCountry "SRB"]

1. Nf3 d5 2. b3 Nf6 3. Bb2 e6 4. e3 Be7 5. Be2 0-0 6. 0-0 c5 7. c4 Nc6 8. d4 b6 9. Nbd2 Bb7 10. Rc1 Rc8 11. Bd3 dxc4 12. Nxc4 Qd5 13. e4 Qh5 14. dxc5 Bxc5 15. Qe2 Rfd8 16. e5 Nb4 17. Bb1 Nfd5 18. Qe4 Ba8 19. g4 Qh6 20. g5 Qh3 21. Nh4 Nf6 22. Qf4 Nh5 23. Bxh7+ Kxh7 24. g6+ fxg6 25. Qg5 Be4 26. Nd6 Bxd6 27. exd6 Bc2 28. Rxc2 Rxd6 29. f3 Rc5 30. Qg4 Qxg4+ 31. fxg4 0-1

[Event "SRB-chT2 West"]
[Site "Arandjelovac"]
[Date "2018.10.05"]
[Round "8.4"]
[White "Kijanovic, Igor"]
[Black "Kurcubic, Jelenko"]
[Result "1-0"]
[WhiteElo "2118"]
[BlackElo "2094"]
[PlyCount "127"]
[EventDate "2018.09.07"]
[EventType "team-tourn"]
[EventRounds "11"]
[EventCountry "SRB"]
[SourceTitle "EXT 2021"]
[Source "ChessBase"]
[SourceDate "2020.10.23"]
[SourceVersion "1"]
[SourceVersionDate "2020.10.23"]
[SourceQuality "1"]
[WhiteTeam "Prijepolje Priko"]
[BlackTeam "Bajina Basta"]
[WhiteTeamCountry "SRB"]
[BlackTeamCountry "SRB"]

1. d4 d5 2. c4 c6 3. Nf3 Nf6 4. e3 Bg4 5. Nc3 Nbd7 6. h3 Bh5 7. Be2 e6 8. 0-0 Bd6 9. b3 0-0 10. Bb2 Qe7 11. Nd2 Bxe2 12. Qxe2 e5 13. dxe5 Nxe5 14. cxd5 cxd5 15. Nb5 Bc5 16. Nf3 Nc6 17. Rfd1 Rad8 18. Rac1 Ne4 19. Nbd4 Nxd4 20. Nxd4 g6 21. Nf3 Ba3 22. Rd4 Bxb2 23. Qxb2 Rd7 24. Rd3 Rfd8 25. Rcd1 Qf6 26. Qxf6 Nxf6 27. Ne5 Rc7 28. Ng4 Nxg4 29. hxg4 Rc2 30. R1d2 Rxd2 31. Rxd2 f6 32. Kf1 Kf7 33. Ke2 Ke6 34. Rc2 Rd7 35. Kd3 Ke5 36. f4+ Kd6 37. Kd4 Re7 38. Rc8 g5 39. Rd8+ Kc6 40. Rxd5 gxf4 41. exf4 Re2 42. Rf5 Rd2+ 43. Kc4 b5+ 44. Kc3 Rxg2 45. Rxf6+ Kc5 46. Rf5+ Kc6 47. g5 a5 48. a4 Rg3+ 49. Kc2 Rg2+ 50. Kd1 bxa4 51. bxa4 Rb2 52. Rxa5 Rb4 53. Rf5 Rxa4 54. Ke2 Kd6 55. Kf3 Ke7 56. Kg4 Ra1 57. Rb5 Ra7 58. Rb6 Kf7 59. Kh5 Ra1 60. Rb7+ Kg8 61. f5 Ra4 62. f6 Rf4 63. Rb8+ Kf7 64. Rh8 1-0

[Event "SRB-chT2 West"]
[Site "Kragujevac"]
[Date "2017.09.09"]
[Round "3"]
[White "Kijanovic, Igor"]
[Black "Naskovic, Filip"]
[Result "1-0"]
[WhiteElo "2106"]
[BlackElo "2201"]
[PlyCount "61"]
[EventDate "2017.09.08"]
[EventType "team-tourn"]
[EventRounds "11"]
[EventCountry "SRB"]
[SourceTitle "EXT 2022"]
[Source "ChessBase"]
[SourceDate "2021.10.06"]
[SourceVersion "1"]
[SourceVersionDate "2021.10.06"]
[SourceQuality "1"]

1. d4 Nf6 2. c4 e6 3. Nf3 b6 4. g3 Bb7 5. Bg2 Bb4+ 6. Bd2 Qe7 7. 0-0 0-0 8. Bg5 h6 9. Bxf6 Qxf6 10. Qd3 Be7 11. Ng5 hxg5 12. Bxb7 Nc6 13. Bxa8 Rxa8 14. e3 Qh6 15. Nc3 g6 16. f3 Kg7 17. Rf2 f5 18. Ne2 Rh8 19. a3 a5 20. Rd1 e5 21. c5 Bf6 22. cxb6 cxb6 23. Qb5 f4 24. exf4 gxf4 25. dxe5 Nxe5 26. Rxd7+ Nxd7 27. Qxd7+ Kg8 28. Nxf4 Qg5 29. Rc2 Bg7 30. Rc8+ Kh7 31. Rc7 1-0

[Event "SRB-chT 1st League"]
[Site "Kragujevac"]
[Date "2015.09.08"]
[Round "5.4"]
[White "Rajkovic, Dusan"]
[Black "Kijanovic, Igor"]
[Result "1-0"]
[WhiteElo "2367"]
[BlackElo "2064"]
[PlyCount "57"]
[EventDate "2015.09.05"]
[EventType "team-tourn"]
[EventRounds "11"]
[EventCountry "SRB"]
[SourceTitle "EXT 2016"]
[Source "ChessBase"]
[SourceDate "2015.10.08"]
[SourceVersion "1"]
[SourceVersionDate "2015.10.08"]
[SourceQuality "1"]
[WhiteTeam "Smederevska Palanka"]
[BlackTeam "Prijepolje Priko"]
[WhiteTeamCountry "SRB"]
[BlackTeamCountry "SRB"]

1. d4 Nf6 2. c4 e6 3. Nf3 d5 4. Nc3 c6 5. Bg5 Be7 6. e3 0-0 7. Qc2 Nbd7 8. Rd1 b6 9. Bd3 h6 10. Bf4 Nh5 11. Be5 Nxe5 12. dxe5 g6 13. Nd4 Bd7 14. f4 Ng7 15. 0-0 Bc5 16. Rf3 Bxd4 17. exd4 h5 18. Qf2 Qe7 19. h3 h4 20. f5 exf5 21. cxd5 Nh5 22. dxc6 Bxc6 23. Rxf5 gxf5 24. Qxf5 f6 25. Qxh5 Be8 26. Bc4+ Kg7 27. Qxh4 Qd8 28. Qg3+ Kh8 29. e6 1-0

[Event "SRB-chT3 East"]
[Site "Pozarevac"]
[Date "2014.10.05"]
[Round "6.14"]
[White "Kijanovic, Igor"]
[Black "Kumic, Filip"]
[Result "0-1"]
[WhiteElo "2065"]
[BlackElo "2217"]
[PlyCount "55"]
[EventDate "2014.10.02"]
[EventType "team-swiss"]
[EventRounds "6"]
[EventCountry "SRB"]
[SourceTitle "EXT 2022"]
[Source "ChessBase"]
[SourceDate "2021.10.06"]
[SourceVersion "1"]
[SourceVersionDate "2021.10.06"]
[SourceQuality "1"]

1. d4 Nf6 2. c4 g6 3. Nc3 Bg7 4. e4 d6 5. Be2 0-0 6. Nf3 Na6 7. 0-0 Qe8 8. Ne1 e5 9. d5 Nc5 10. Bf3 a5 11. Nd3 b6 12. b3 Nfd7 13. Nxc5 bxc5 14. Nb5 Qd8 15. a4 f5 16. Ra2 Nf6 17. Bg5 Rf7 18. g3 Qf8 19. Bxf6 Bxf6 20. Bg2 f4 21. f3 h5 22. Rff2 Bg5 23. Kh1 Kg7 24. Qf1 fxg3 25. hxg3 h4 26. g4 h3 27. Bxh3 Bxg4 28. Bg2 0-1

[Event "SRB-chT2 West"]
[Site "Sabac"]
[Date "2014.09.26"]
[Round "2.5"]
[White "Osatovic, Aleksandar"]
[Black "Kijanovic, Igor"]
[Result "1/2-1/2"]
[WhiteElo "2053"]
[BlackElo "2065"]
[PlyCount "91"]
[EventDate "2014.09.25"]
[EventType "team-swiss"]
[EventRounds "6"]
[EventCountry "SRB"]
[SourceTitle "EXT 2015"]
[Source "ChessBase"]
[SourceDate "2014.11.20"]
[SourceVersion "1"]
[SourceVersionDate "2014.11.20"]
[SourceQuality "1"]

1. d4 Nf6 2. c4 e5 3. dxe5 Ng4 4. Nf3 Bc5 5. e3 Nc6 6. a3 a5 7. b3 Ngxe5 8. Bb2 d6 9. Nxe5 Nxe5 10. Qc2 Qe7 11. Nc3 Be6 12. Na4 Ba7 13. c5 0-0 14. Bxe5 dxe5 15. Bd3 f5 16. b4 Rad8 17. 0-0 c6 18. bxa5 e4 19. Bc4 Bb8 20. Rab1 Rf6 21. g3 Kh8 22. Bxe6 Rxe6 23. Rfd1 Rf8 24. Qb3 f4 25. exf4 e3 26. fxe3 Rxe3 27. Qxb7 Bc7 28. Qxc6 Re2 29. Qf3 Re8 30. a6 Re3 31. Qf2 Re2 32. Qd4 Qe6 33. Rd2 Qc6 34. Qd5 Qxa4 35. Rxe2 Rxe2 36. Rb4 Qe8 37. Rb3 Re1+ 38. Kg2 Qe2+ 39. Kh3 h5 40. Qf5 Qf1+ 41. Kh4 Bd8+ 42. Kxh5 Re5 43. Qxe5 Qh3+ 44. Kg6 Qh7+ 45. Kf7 Qg8+ 46. Kg6 1/2-1/2

[Event "SRB-chT Central"]
[Site "Kragujevac"]
[Date "2013.09.18"]
[Round "7.1"]
[White "Kijanovic, Igor"]
[Black "Todorovic, Jovan"]
[Result "0-1"]
[WhiteElo "2004"]
[BlackElo "2418"]
[PlyCount "100"]
[EventDate "2013.09.14"]
[EventType "team-tourn"]
[EventRounds "11"]
[EventCountry "SRB"]
[SourceTitle "CBM 156 Extra"]
[Source "ChessBase"]
[SourceDate "2013.10.22"]
[SourceVersion "1"]
[SourceVersionDate "2013.10.22"]
[SourceQuality "1"]
[WhiteTeam "Prijepolje Priko"]
[BlackTeam "Goracici Jelica"]
[WhiteTeamCountry "SRB"]
[BlackTeamCountry "SRB"]

1. Nf3 Nf6 2. c4 g6 3. Nc3 Bg7 4. e3 0-0 5. d4 d6 6. Bd3 Nbd7 7. 0-0 e5 8. Qc2 Re8 9. Bd2 c6 10. b4 Qe7 11. Be2 e4 12. Ne1 Nf8 13. f3 exf3 14. gxf3 h5 15. Ng2 N8h7 16. e4 Bh3 17. Be3 a5 18. a3 b6 19. Rad1 axb4 20. axb4 Nd7 21. Rf2 Bxg2 22. Rxg2 Ra3 23. Qd2 Rea8 24. b5 c5 25. Nd5 Qd8 26. Kh1 Ra2 27. Qe1 cxd4 28. Bxd4 Bxd4 29. Rxd4 Ra1 30. Rd1 Rxd1 31. Qxd1 Nhf6 32. Rg1 Ra2 33. Nb4 Rb2 34. Nc6 Qf8 35. Bf1 Ne5 36. Nxe5 dxe5 37. Rg2 Rxg2 38. Bxg2 Kg7 39. Qd2 Qc5 40. Bf1 Qc7 41. h4 Nd7 42. Qd5 Nc5 43. Bh3 Qe7 44. Kg2 Qf6 45. Bc8 Nb3 46. Qc6 Qf4 47. Qxb6 Nd4 48. Qd8 Qxf3+ 49. Kh2 Qf2+ 50. Kh1 Nf3 0-1

[Event "SRB-chT Central"]
[Site "Kragujevac"]
[Date "2013.09.15"]
[Round "2.4"]
[White "Kijanovic, Igor"]
[Black "Ratkovic, Miloje"]
[Result "1-0"]
[WhiteElo "2004"]
[BlackElo "2261"]
[PlyCount "77"]
[EventDate "2013.09.14"]
[EventType "team-tourn"]
[EventRounds "11"]
[EventCountry "SRB"]
[SourceTitle "CBM 156 Extra"]
[Source "ChessBase"]
[SourceDate "2013.10.22"]
[SourceVersion "1"]
[SourceVersionDate "2013.10.22"]
[SourceQuality "1"]
[WhiteTeam "Prijepolje Priko"]
[BlackTeam "Ub"]
[WhiteTeamCountry "SRB"]
[BlackTeamCountry "SRB"]

1. d4 d5 2. c4 c6 3. Nc3 Nf6 4. Nf3 a6 5. e3 b5 6. b3 Bg4 7. Be2 Nbd7 8. 0-0 e6 9. h3 Bh5 10. Bb2 Bd6 11. Nd2 Bg6 12. c5 Bc7 13. f4 0-0 14. b4 a5 15. a3 Qe7 16. Qe1 Nb8 17. Nf3 Na6 18. Ne5 Bxe5 19. fxe5 Ne4 20. Nxe4 Bxe4 21. bxa5 f6 22. exf6 Rxf6 23. Rxf6 Qxf6 24. Qg3 Nxc5 25. Rf1 Bf5 26. Qc7 Ne4 27. g4 Qh6 28. Bc1 Qxh3 29. gxf5 Ng3 30. Bd3 Qh1+ 31. Kf2 Qh2+ 32. Ke1 Nxf1 33. Qxc6 Rf8 34. Qxe6+ Kh8 35. Bxf1 Qc2 36. Bd2 h6 37. Bh3 Qb2 38. Ke2 Qa1 39. Bf1 1-0